| 000 | nam a22 a 4500 | ||
|---|---|---|---|
| 999 |
_c4768 _d4768 |
||
| 005 | 20190628093735.0 | ||
| 008 | 180913|2018 my ||||| |||| 00| 0 eng d | ||
| 020 |
_a9789677014084 _cRM 84.00 |
||
| 040 | _aAKMAL | ||
| 082 | _a343.595056 MAL | ||
| 090 |
_a343.595056 _bMAL |
||
| 245 |
_aAkta Kastam Dan Peraturan-peraturan _bAkta 235 (Diterbit dan dicetak pada Julai 2018) |
||
| 260 |
_aPudu, Kuala Lumpur _bMDC Publishers Sdn Bhd _c2018 |
||
| 300 |
_b234 m.s _c26cm |
||
| 650 |
_aakta dan peraturan-peraturan _98370 |
||
| 942 |
_2ddc _cBOOK |
||